personnages du manga Nana par images - Statistiques

Statistiques générales
  • Ce quiz a été pris 234 fois
  • Le résultat moyen est 8 sur 14
Statistiques - réponses
Par images Réponse % Correct
Nana
96%
Nana
96%
Takumi
91%
Ren
90%
Nobu
84%
Reira
72%
Shoji
69%
Jun
58%
Naoki
36%
Misato
30%
Kyosuke
27%
Miu
26%
Yasushi
23%
Shinchi
5%
Aucun quiz correspondant
Distribution des résultats
% des personnes avec chaque résultat
Percentile par nombre de réponses
Votre historique - résultats
Vous n’avez pas pris ce quiz